Krízový manažment vedecko-odborný časopis Fakulty bezpečnostného inžinierstva Žilinskej univerzity v Žiline
Enregistré dans:
| Format: | Publication en série |
|---|---|
| Langue: | slovaque |
| Publié: |
Žilina
Fakulta bezpečnostného inžinierstva Žilinskej univerzity v Žiline
2021
|
| Sujets: | |
| Tags: |
Pas de tags, Soyez le premier à ajouter un tag!
|
MARC
| LEADER | 00000nas2a2200000 4500 | ||
|---|---|---|---|
| 001 | 0303785 | ||
| 005 | 20240822101054.5 | ||
| 022 | |a 1336-0019 | ||
| 041 | 0 | |a slo | |
| 044 | |a SK | ||
| 245 | 1 | 0 | |a Krízový manažment |b vedecko-odborný časopis Fakulty bezpečnostného inžinierstva Žilinskej univerzity v Žiline |
| 264 | 1 | |a Žilina |b Fakulta bezpečnostného inžinierstva Žilinskej univerzity v Žiline |c 2021 | |
| 773 | 0 | |w eu_un_cat*0072976 | |
| 610 | 2 | 0 | |a manažment krízový |
| 610 | 2 | 0 | |a správa štátna |
| 610 | 2 | 0 | |a samospráva |
| 610 | 2 | 0 | |a politika bezpečnostná |